LEADER 01124nam a2200277 i 4500 001 000000110446 003 CaOOAMICUS 005 20201130133143.0 008 021202s1998 at u000 u eng u 013 $a83127 020 $a0-646-35228-8 040 $aSeMil$bita 100 1 $aMorgan, Richard,$c.$0(OLS)http://semarc/name/27198 245 14$aThe imagery of light in St. Ambrose's theology /$cRichard Morgan. 264 1$aMelbourne (Victoria) :$bCarmelite Monastery,$c1998. 300 $aXIV, 252 p. ;$c23 cm. 500 $aFondo Card. C.M. Martini. 650 4$aAmbrogio - Simboli.$0(OLS)http://semarc/subject/10812 850 $aSeMil 852 $aSeMil$W1$xVenegono$y1$m2T III 38$j222766$B66333$CSeMilBibl$Z2$F91284 $81 941 1 $a4 961 $aOmaggio: Martini Card. Carlo Maria 996 $6020$a0-646-35228-8$9(OLS)http://semarc/number/92186 996 $6245$aThe imagery of light in St. Ambrose's theology$9(OLS)http://semarc/title/160562 996 $6264$aMelbourne (Victoria) :$bCarmelite Monastery$9(OLS)http://semarc/publisher/45100 LEADER 01171nam a2200265 i 4500 001 000000068853 003 CaOOAMICUS 005 20170828000000.0 008 170828s1986 xxu u000 u eng u 013 $a40025 020 $a0-385-03253-6 040 $aSeMil$bita 245 10$aMark :$ba new translation with introduction and commentary /$cby C.S. Mann. 260 $aNew York [etc.] :$bDoubleday,$c1986. 300 $axxvi, 714 p. ;$c24 cm. 490 0 $aThe Anchor Bible ;$v27 650 4$aBibbia. Nuovo Testamento. Vangelo secondo Marco - Commentari, studi, critica, interpretazioni.$0(OLS)http://semarc/subject/143 700 1 $aMann, Christopher Stephen.$0(OLS)http://semarc/name/90890 830 4$aThe Anchor Bible ;$v27.$0(OLS)http://semarc/title/472 850 $aSeMil 852 $aSeMil$W1$xVenegono$y1$mSL1.R II 27$j35006$B35006$CSeMilBibl$Z2$F35009 $8I 961 $aAcquisto: Distributore 996 $6020$a0-385-03253-6$9(OLS)http://semarc/number/47133 996 $6245$aMark :$ba new translation with introduction and commentary$9(OLS)http://semarc/title/110098 996 $6260$aNew York [etc.] :$bDoubleday$9(OLS)http://semarc/publisher/31192